LEADER 06525 am 22007933u 450 001 9910142026403321 005 20230728153130.0 024 7 $a10.1007/978-94-007-7061-4 035 $a(CKB)2670000000424600 035 $a(SSID)ssj0000987925 035 $a(PQKBManifestationID)11549727 035 $a(PQKBTitleCode)TC0000987925 035 $a(PQKBWorkID)10949237 035 $a(PQKB)11602232 035 $a(MiAaPQ)EBC3071427 035 $a(DE-He213)978-94-007-7061-4 035 $a(MiAaPQ)EBC6422895 035 $a(Au-PeEL)EBL6422895 035 $a(OCoLC)858812520 035 $a(PPN)172433940 035 $a(oapen)https://directory.doabooks.org/handle/20.500.12854/27286 035 $a(EXLCZ)992670000000424600 100 $a20130819d2014 u| 0 101 0 $aeng 135 $aurcn||||||||| 181 $ctxt$2rdacontent 182 $cc$2rdamedia 183 $acr$2rdacarrier 200 10$aMarginality$eAddressing the Nexus of Poverty, Exclusion and Ecology /$fedited by Joachim von Braun, Franz W. Gatzweiler 205 $a1st ed. 2014. 210 $aCham$cSpringer Nature$d2014 210 1$aDordrecht :$cSpringer Netherlands :$cImprint: Springer,$d2014. 215 $a1 online resource (xvii, 389 pages) $cillustrations; digital, PDF file(s) 300 $aBibliographic Level Mode of Issuance: Monograph 311 08$aPrint version: 9789400770607 320 $aIncludes bibliographical references and index. 327 $a1 Marginality?An Overview and Implications for Policy -- Part 1 Concepts and Theory -- 2 Marginality?A Framework for Analyzing Causal Complexities of Poverty -- 3 Exclusion and Initiatives to ?Include?: Revisiting Basic Economics to Guide Development Practice -- 4 Marginality from a Socio-ecological Perspective -- Part 2 Dimensions and Prevalence of Marginality -- 5 Mapping Marginality Hotspots -- 6 The Poorest: Who and Where They Are -- 7 Targeting the Poorest and Most Vulnerable: Examples from Bangladesh -- 8 Correlates of Extreme Poverty in Rural Ethiopia -- 9 Examining the Circle of Attachment, Trauma, Shame, and Marginalization: the Unheard Voices of Young Kutchi Girls -- Part 3 Environmental Drivers of Marginality -- 10 Poverty, Agriculture and the Environment: the Case of Sub-Saharan Africa -- 11 The Marginal Poor and their Dependence on Ecosystem Services: Evidence from South Asia and Sub-Saharan Africa -- 12 Land Degradation, Poverty, and Marginality -- Part 4     Experiencing Marginality in Africa and Asia -- 13 Tackling Social Exclusion and Marginality for Poverty Reduction: Indian Experiences -- 14 Consumption Behavior of the Poorest and Policy Implications in Indonesia -- 15 Addressing Extreme Poverty and Marginality: Experiences in Rural China -- 16 Experiences in Targeting the Poorest: a Case Study from Bangladesh -- 17 Rural Poverty and Marginalization in Ethiopia: a Review of Development Interventions -- Part 5 Responses to Marginality at Different Levels: State, Business, and Community -- 18 Macro, Fiscal, and Decentralization Options to Address Marginality and Reach the Extremely Poor -- 19 Social Protection, Marginality, and Extreme Poverty: Just Give Money to the Poor -- 20 Innovative Business Approaches for the Reduction of Extreme Poverty and Marginality -- 21 Business Initiatives that Overcome Rural Poverty and Marginality Through Creating Shared Value -- 22 The Marginalized and Poorest in Different Communities and Settings of Ethiopia. 330 $aThis volume presents new insights on marginality, i.e. the situation of people living on the edge of socio-economic and ecological systems. The marginality concept leads to different development policies. While the prevalence of poverty declined by about 50 percent in the past two decades, any further reduction of poverty will be more difficult, because of high diversity of extremely poor people, and complex interrelations between poverty, exclusion and ecology. The marginality concept provides guidance to address this issue. Marginality entails addressing the structural forces of poverty, such as exclusion, discrimination and ecological degradations which lead to vulnerability of the poor. In this volume economists, ecology experts, geographers, agronomists, sociologist, and business experts come together to address marginality. The inter-disciplinary research offers conceptual innovations and presents the dimensions of marginality in developing countries. Economic, political, and environmental drivers are assessed and mapped globally and in detail for countries in Africa and Asia, especially Ethiopia, India, Bangladesh, China, Indonesia. Economic growth especially in rural areas remains and farming communities is central to poverty reduction but needs to be complemented with specific actions to reach those at the margins. The social policy actions and measures to end exclusions are highlighted, and the roles of the state, local government, business and community in them are pointed out for overcoming marginality. 606 $aEnvironment 606 $aEnvironmental law 606 $aEnvironmental policy 606 $aEnvironmental economics 606 $aSocial policy 606 $aEnvironment, general$3https://scigraph.springernature.com/ontologies/product-market-codes/U00009 606 $aEnvironmental Law/Policy/Ecojustice$3https://scigraph.springernature.com/ontologies/product-market-codes/U16002 606 $aEnvironmental Economics$3https://scigraph.springernature.com/ontologies/product-market-codes/W48000 606 $aSocial Policy$3https://scigraph.springernature.com/ontologies/product-market-codes/W34020 610 $aEnvironment, general 610 $aEnvironmental Law/Policy/Ecojustice 610 $aEnvironmental Economics 610 $aSocial Policy 615 0$aEnvironment. 615 0$aEnvironmental law. 615 0$aEnvironmental policy. 615 0$aEnvironmental economics. 615 0$aSocial policy. 615 14$aEnvironment, general. 615 24$aEnvironmental Law/Policy/Ecojustice. 615 24$aEnvironmental Economics. 615 24$aSocial Policy. 676 $a333.7 700 $avon Braun$b Joachim$4auth$0802084 702 $avon Braun$b Joachim$4edt$4http://id.loc.gov/vocabulary/relators/edt 702 $aGatzweiler$b Franz W$4edt$4http://id.loc.gov/vocabulary/relators/edt 801 0$bUkMaJRU 906 $aBOOK 912 $a9910142026403321 996 $aMarginality$93404126 997 $aUNINA LEADER 03710nam 2200601Ia 450 001 9910780082703321 005 20230109202245.0 010 $a0-520-92501-7 010 $a1-59734-639-X 024 7 $a10.1525/9780520925014 035 $a(CKB)111056485640956 035 $a(EBL)224349 035 $a(OCoLC)475931063 035 $a(SSID)ssj0000164315 035 $a(PQKBManifestationID)11162832 035 $a(PQKBTitleCode)TC0000164315 035 $a(PQKBWorkID)10141434 035 $a(PQKB)10507335 035 $a(MiAaPQ)EBC224349 035 $a(Au-PeEL)EBL224349 035 $a(CaPaEBR)ebr10053510 035 $a(DE-B1597)648405 035 $a(DE-B1597)9780520925014 035 $a(EXLCZ)99111056485640956 100 $a20021112h2001 uy 0 101 0 $aeng 135 $aur|n|---||||| 181 $ctxt$2rdacontent 182 $cc$2rdamedia 183 $acr$2rdacarrier 200 10$aAcademic triumphs $ea personal memoir of the University of California, 1949-1967 /$fClark Kerr ; with a foreword by Neil J. Smelser 210 1$aBerkeley, Calif. :$cUniversity of California Press,$d2001. 210 4$aŠ2001 215 $a1 online resource (xxxiii, 540 pages, 32 unnumbered pages of plates) 225 0 $aThe gold and the blue ;$vv.1 300 $aDescription based upon print version of record. 311 0 $a0-520-22367-5 320 $aIncludes bibliographical references and index. 327 $aContents; Figures and Tables; Foreword; Preface; Getting to Know Berkeley; A Giant Astride the University: An Appreciation of Robert Gordon Sproul; Answering the Big Question: Who Will Take Berkeley's Place in the Academic Big Six?; Defining a Chancellor's Sphere of Actions; ""The Best Balanced Distinguished University""; Getting Ready for the Tidal Wave; Improving Facilities for Student Life at Berkeley; A New Physical Development Plan for Berkeley; Responding to Some Post-Loyalty Oath Legacies; Reprise and Prelude: Three Struggles over the University's Orientation--1870, 1900, and 1950 327 $aA New Agenda for the Reorientation of the University A Master Plan for Higher Education in California; Moving from Unitary to Pluralistic Decision-Making (1957-59); A Second Look at Decentralization (1965) and a Failed Proposal; Reconsiderations; Creation of Three Campuses; Original Directions and Problems at the New Campuses; Mass Transformations and Administered Alterations; Innovations and Reactions at Santa Cruz; Reconsiderations on Attempts at Academic Change; Transformations at Davis and Santa Barbara; A Place in the Sun for UCLA; Clouds Obscure Berkeley's Sun; Academic Affairs 327 $aStudent Life Structural Adjustments; Pure Gold and Some Dross; Appendix 1: Honor Roll of University Leaders; Appendix 2: University of California Administration and Governance; Appendix 3: Indicators of Growth in the University of California; Appendix 4: List of Documentary Supplements; Notes; Acknowledgments; Credits; Index 330 $aOne of the last century's most influential figures in higher education, Clark Kerr was a leading visionary, architect, leader, and fighter for the University of California. Chancellor of the Berkeley campus from 1952 to 1958 and president of the university from 1958 to 1967, Kerr saw the university through its golden years--a time of both great advancement and great conflict. 606 $aEducation$xHistory 615 0$aEducation$xHistory. 676 $a378.79467 700 $aKerr$b Clark$f1911-2003.$048186 801 0$bMiAaPQ 801 1$bMiAaPQ 801 2$bMiAaPQ 906 $aBOOK 912 $a9910780082703321 996 $aAcademic triumphs$93776009 997 $aUNINA